Szczegóły MARC21

Ścieżka "Po drugiej stronie lustra" : program wychowania zdrowotnego "Scieżkami zdrowia" /

003 -Nazwa inst., której nr kontr. jest w polu 001 [,]
    • @
    • Nazwa instytucji, której n kontrolny jest w polu 001
    • NUKAT
005 -DATA I CZAS OSTATNIEJ MODYFIKACJI [,]
    • @
    • pole kontrolne
    • 20241231092024.0
020 -Międzynarod. znormalizowany nr książki - ISBN [ , ]
    • a
    • Numer ISBN
    • 8391393801 Find
040 -Instytucja sporządzająca opis [ , ]
    • a
    • Instytucja, która sporządziła opis (NP)
    • NUKAT
    • c
    • Instytucja, która sporządziła rekord (NP)
    • Ł U/eks
    • d
    • Instytucja, która zmodyfikowała rekord (P)
    • Ł U/ek
    • d
    • Instytucja, która zmodyfikowała rekord (P)
    • WA U/EBAs
942 -Rodzaj dokumentu [ , ]
    • c
    • Rodzaj dokumentu
    • Książka
245 -Strefa tytułu i oznaczenia odpowiedzialności [0,0]
    • a
    • Tytuł
    • Ścieżka "Po drugiej stronie lustra" : Find
    • b
    • Ciąg dalszy tytułu (NP)
    • program wychowania zdrowotnego "Scieżkami zdrowia" / Find
    • c
    • Pozostałe elementy strefy tytułu i oznaczenia odpowiedzialności (NP)
    • [prace przygot. pod kier. Anny Szczęsnej i Artura Dolińskiego] ; Komenda Chorągwi Ziemi Lubuskiej.
246 -Wariant tytułu [3,4]
    • a
    • Tytuł (NP)
    • Po drugiej stronie lustra
260 -Strefa adresu wydawniczego [ , ]
    • a
    • Miejsce wydania (P)
    • Zielona Góra :
    • b
    • Nazwa wydawcy (P)
    • Związek Harcerstwa Polskiego. KCZL,
    • c
    • Data wydania (P)
    • 2000.
300 -Strefa opisu fizycznego [ , ]
    • a
    • Określenie formy książki i/lub objętość (NP)
    • 32 s. ;
    • c
    • Format (NP)
    • 21 cm.
336 -Typ zawartości [ , ]
    • a
    • Termin opisujący typ zawartości
    • Tekst
    • b
    • Kod określający zawartość
    • txt
    • 2
    • Źródło (terminu i kodu)
    • rdacontent
337 -Typ mediów [ , ]
    • a
    • Tryb odtwarzania
    • Bez urządzenia pośredniczącego
    • b
    • Kod typu mediów
    • n
    • 2
    • Źródło (terminu i kodu)
    • rdamedia
338 -Typ/rodzaj nośnika [ , ]
    • a
    • Hasło opisujące typ nośnika
    • Wolumin
    • b
    • Kod typu nośnika
    • nc
    • 2
    • Źródło (terminu i kodu)
    • rdacarrier
080 -Uniwersalna Klasyfikacja Dziesiętna [ , ]
    • a
    • Symbol klasyfikacji
    • 329.78ZHP
080 -Uniwersalna Klasyfikacja Dziesiętna [ , ]
    • a
    • Symbol klasyfikacji
    • :613
080 -Uniwersalna Klasyfikacja Dziesiętna [ , ]
    • a
    • Symbol klasyfikacji
    • :316.47
650 -Hasło przedmiotowe [ ,7]
    • a
    • Hasło przedmiotowe
    • Gry edukacyjne
    • v
    • Określnik formalny
    • poradniki.
    • 2
    • Źródło terminu
    • kaba
    • 9
    • KHW
    • 359058
650 -Hasło przedmiotowe [ ,7]
    • a
    • Hasło przedmiotowe
    • Promocja zdrowia.
    • 2
    • Źródło terminu
    • kaba
    • 9
    • KHW
    • 126193
650 -Hasło przedmiotowe [ ,7]
    • a
    • Hasło przedmiotowe
    • Samokształcenie
    • v
    • Określnik formalny
    • poradniki.
    • 2
    • Źródło terminu
    • kaba
    • 9
    • KHW
    • 359816
650 -Hasło przedmiotowe [ ,7]
    • a
    • Hasło przedmiotowe
    • Harcerze.
    • 2
    • Źródło terminu
    • kaba
    • 9
    • KHW
    • 172904
650 -Hasło przedmiotowe [ ,7]
    • a
    • Hasło przedmiotowe
    • Promocja zdrowia
    • z
    • Określnik geograficzny
    • Polska
    • v
    • Określnik formalny
    • poradniki.
    • 2
    • Źródło terminu
    • kaba
    • 9
    • KHW
    • 651948
650 -Hasło przedmiotowe [ ,7]
    • a
    • Hasło przedmiotowe
    • Higiena
    • v
    • Określnik formalny
    • poradniki.
    • 2
    • Źródło terminu
    • kaba
    • 9
    • KHW
    • 395761
650 -Hasło przedmiotowe [ ,7]
    • a
    • Hasło przedmiotowe
    • Harcerze
    • x
    • Określnik rzeczowy
    • edukacja
    • v
    • Określnik formalny
    • poradniki.
    • 2
    • Źródło terminu
    • kaba
    • 9
    • KHW
    • 357575
980 -Symbol UKD [ , ]
    • a
    • UKD
    • 329.78ZHP:613:316.47
700 -Hasło dodatkowe - nazwa osobowa [1, ]
    • a
    • Nazwa osobowa (NP)
    • Szczęsna, Anna Find
    • c
    • Dopowiedzenie inne niż daty biograficzne (NP)
    • (pedagogika).
    • e
    • Określenie rodzaju współpracy
    • Red.
    • 9
    • KHW
    • 683018
700 -Hasło dodatkowe - nazwa osobowa [1, ]
    • a
    • Nazwa osobowa (NP)
    • Doliński, Artur. Find
    • e
    • Określenie rodzaju współpracy
    • Red.
    • 9
    • KHW
    • 578921
710 -Hasło dodatkowe - nazwa ciała zbiorowego [2, ]
    • a
    • Nazwa ciała zbiorowego lub nazwa geograficzna jako pierwszy element (NP)
    • Związek Harcerstwa Polskiego (1956- ).
    • b
    • Nazwa jednostki podrzędnej (P)
    • Komenda Chorągwi Ziemi Lubuskiej (Zielona Góra).
    • 4
    • Kod relacji
    • pbl
    • 9
    • KHW
    • 714585
920 -ISBN [ , ]
    • a
    • ISBN
    • 83-913938-0-1 Find
Numer inwentarzowy Status udost. Lokalizacja Data inwentaryzacji
Pd.140751BG2001-08-31